Sự đa dạng và phong phú của bọ rùa ( Coleoptera : Coccinellidae ) trên một số loại cây trồng và khả năng thiên địch của một số loài phổ biến tại một số địa bàn ĐBSCL : Đề tài khoa học
Nội dung nghiên cứu bao gồm :Thành phần và sự phong phú của Bọ rùa trên các loại cây trồng , một số đặc điểm hình thái , sinh học của các loài Bọ rùa hiện diện phổ biến , côn trùng ( ký chủ ) và khả năng ăn mồi của các loài Bọ rùa phổ...
Gardado en:
| Autor Principal: | |
|---|---|
| Formato: | Libro |
| Idioma: | Undetermined |
| Publicado: |
Cần Thơ
Trường Đại học Cần Thơ
2009
|
| Những chủ đề: | |
| Các nhãn: |
Engadir etiqueta
Sen Etiquetas, Sexa o primeiro en etiquetar este rexistro!
|
| Thư viện lưu trữ: | Trung tâm Học liệu Trường Đại học Cần Thơ |
|---|
| LEADER | 01301nam a2200229Ia 4500 | ||
|---|---|---|---|
| 001 | CTU_164910 | ||
| 008 | 210402s9999 xx 000 0 und d | ||
| 082 | |a 632.9 | ||
| 082 | |b C506/2009 | ||
| 088 | |a T2004-37 | ||
| 100 | |a Nguyễn, Thị Thu Cúc | ||
| 245 | 0 | |a Sự đa dạng và phong phú của bọ rùa ( Coleoptera : Coccinellidae ) trên một số loại cây trồng và khả năng thiên địch của một số loài phổ biến tại một số địa bàn ĐBSCL : | |
| 245 | 0 | |b Đề tài khoa học | |
| 245 | 0 | |c Nguyễn, Thị Thu Cúc ( Chủ nhiệm đề tài ) | |
| 260 | |a Cần Thơ | ||
| 260 | |b Trường Đại học Cần Thơ | ||
| 260 | |c 2009 | ||
| 520 | |a Nội dung nghiên cứu bao gồm :Thành phần và sự phong phú của Bọ rùa trên các loại cây trồng , một số đặc điểm hình thái , sinh học của các loài Bọ rùa hiện diện phổ biến , côn trùng ( ký chủ ) và khả năng ăn mồi của các loài Bọ rùa phổ biến. | ||
| 650 | |a Plants, protection of,Bảo vệ thực vật | ||
| 904 | |i Thoa, Hải | ||
| 915 | |a NN | ||
| 980 | |a Trung tâm Học liệu Trường Đại học Cần Thơ | ||